LIBRARY ONLINE CATALOGUE

ALWD Guide to Legal Citation (Record no. 15701)

MARC details
000 -LEADER
fixed length control field 00608nam a22001817a 4500
008 - FIXED-LENGTH DATA ELEMENTS--GENERAL INFORMATION
fixed length control field 160217b xxu||||| |||| 00| 0 eng d
020 ## - INTERNATIONAL STANDARD BOOK NUMBER
International Standard Book Number 1454828754
040 ## - CATALOGING SOURCE
Original cataloging agency KABU
Transcribing agency KABU
100 ## - MAIN ENTRY--PERSONAL NAME
Personal name Barger, Coleen
245 ## - TITLE STATEMENT
Title ALWD Guide to Legal Citation
Remainder of title Association of Legal Writing Directors
Statement of responsibility, etc. Coleen M. Barger
250 ## - EDITION STATEMENT
Edition statement 5th ed.
260 ## - PUBLICATION, DISTRIBUTION, ETC. (IMPRINT)
Place of publication, distribution, etc. New York
Name of publisher, distributor, etc. Wolters Kluwer
Date of publication, distribution, etc. 2014
300 ## - PHYSICAL DESCRIPTION
Extent xxxii, 608p.
440 ## - SERIES STATEMENT/ADDED ENTRY--TITLE
Title Aspen Coursebook Series
650 ## - SUBJECT ADDED ENTRY--TOPICAL TERM
Topical term or geographic name as entry element Citation of Legal Authorities
Geographic subdivision United States
650 ## - SUBJECT ADDED ENTRY--TOPICAL TERM
Topical term or geographic name as entry element Annotations and Citations
Geographic subdivision USA
942 ## - ADDED ENTRY ELEMENTS (KOHA)
Source of classification or shelving scheme Library of Congress Classification
Koha item type General Collection
Edition 5th ed.
Classification part KF245
Call number prefix .A45 2014
Holdings
Withdrawn status Lost status Source of classification or shelving scheme Not for loan Home library Current library Shelving location Date acquired Cost, normal purchase price Total Checkouts Full call number Barcode Date last seen Date last checked out Copy number Price effective from Koha item type
    Library of Congress Classification   Kabarak, Main Campus Kabarak, Main Campus General Stacks 17/02/2016 8500.00 1 KF245 .A45 2014 c.1 021615 25/07/2018 06/07/2018 c.1 17/02/2016 General Collection
    Library of Congress Classification   Kabarak, Main Campus Kabarak, Main Campus General Stacks 18/02/2016 8500.00   KF245 .A45 2014 c.3 021617 18/02/2016   c.3 18/02/2016 General Collection
    Library of Congress Classification   Kabarak, Main Campus Kabarak, Main Campus General Stacks 18/02/2016 8500.00   KF245 .A45 2014 c.2 021612 18/02/2016   c.2 18/02/2016 General Collection
    Library of Congress Classification   Kabarak, Main Campus Kabarak, Main Campus General Stacks 18/02/2016 8500.00   KF245 .A45 2014 c.5 021610 18/02/2016   C.5 18/02/2016 General Collection
    Library of Congress Classification   Kabarak, Main Campus Kabarak, Main Campus General Stacks 18/02/2016 8500.00   KF245 .A45 2014 c.4 021621 18/02/2016   c. 4 18/02/2016 General Collection